000 00346nam a22001577a 4500
003 SGT
020 _a9788131525265
082 _a612.8,KAL
100 _aKALAT, JAMES. W
245 _aBIOLOGICAL PSYCHOLOGY
250 _a11TH
260 _aNEW DELHI
_bCENGAGE LEARING
_c2013
300 _a482
650 _aPSYCHOLOGY
942 _2ddc
_cBK
_028
999 _c20820
_d20820